[Event "FRA-ch Blitz Online Qual"]
[Site "Europe Echecs INT"]
[Date "2020.05.16"]
[Round "10"]
[White "Philippe, Guillaume"]
[Black "Denjoy, Arnaud"]
[Result "1-0"]
[WhiteElo "2354"]
[BlackElo "2166"]
[PlyCount "129"]
[EventDate "2020.05.16"]
[EventType "swiss (blitz)"]
[EventRounds "15"]
[EventCountry "FRA"]
[SourceTitle "CBM 196 Extra"]
[Source "ChessBase"]
[SourceDate "2020.07.31"]
[SourceVersion "1"]
[SourceVersionDate "2020.07.31"]
[SourceQuality "1"]

1. f4 Nf6 2. Nf3 g6 3. g3 Bg7 4. Bg2 0-0 5. 0-0 c5 6. d3 Nc6 7. e4 d6 8. Nc3 Rb8 9. h3 b5 10. a3 a5 11. g4 b4 12. axb4 axb4 13. Ne2 Bb7 14. Ng3 Qb6 15. g5 Nd7 16. h4 c4+ 17. Kh2 cxd3 18. cxd3 Ra8 19. Rxa8 Rxa8 20. h5 Ra1 21. Qe2 Nd4 22. Nxd4 Qxd4 23. h6 Bh8 24. e5 Bxg2 25. Qxg2 b3 26. Qc6 dxe5 27. Be3 Qa4 28. Qxa4 Rxa4 29. f5 gxf5 30. Nxf5 e6 31. Nd6 Ra2 32. Rxf7 Rxb2+ 33. Kg3 Nf8 34. Rb7 e4 35. Nxe4 Be5+ 36. Kf3 Rb1 37. Nf6+ Bxf6 38. gxf6 Rf1+ 39. Bf2 Ng6 40. Rg7+ Kf8 41. Rb7 Ne5+ 42. Ke2 Rxf2+ 43. Kxf2 b2 44. d4 Ng4+ 45. Kf3 Nxh6 46. Rxb2 Nf5 47. Ke4 Nd6+ 48. Kf4 Kf7 49. Rb6 Ne8 50. Ke5 Nxf6 51. Rxe6 Ng4+ 52. Kd6 h5 53. Re7+ Kf6 54. Rh7 Kg6 55. Rh8 Nf6 56. d5 Kg7 57. Ra8 h4 58. Ke6 Ne4 59. d6 Kg6 60. Ra4 Nc5+ 61. Ke7 Kg5 62. Ra5 h3 63. Rxc5+ Kg4 64. Rc1 h2 65. d7 1-0